[Stanovenie hodnoty majetku]

Recenzia publikácie: Anny Harumovej a kol.: Stanovenie hodnoty majetku. Je to dielo známych teoretikov a praktikov z oblasti ohodnocovania majetku. Rozoberá právne a ekonomické aspekty znaleckej a expertnej činnosti na Slovensku. Publikácia je určená ekonomickým znalcom, študentom a širokej odbornej...

ver descrição completa

Na minha lista:
Detalhes bibliográficos
Autor principal: Hrvoľová, Božena
Formato: Capítulo de Livro
Idioma:eslovaco
Assuntos:
Tags: Adicionar Tag
Sem tags, seja o primeiro a adicionar uma tag!

MARC

LEADER 00000naa$a2200000$$$4500
001 0108607
005 20230927074831.5
041 0 |a slo 
044 |a SK 
245 1 0 |a [Stanovenie hodnoty majetku]  |c Božena Hrvoľová 
520 |a Recenzia publikácie: Anny Harumovej a kol.: Stanovenie hodnoty majetku. Je to dielo známych teoretikov a praktikov z oblasti ohodnocovania majetku. Rozoberá právne a ekonomické aspekty znaleckej a expertnej činnosti na Slovensku. Publikácia je určená ekonomickým znalcom, študentom a širokej odbornej verejnosti, finančným manažérom podnikov i finančných inštitúcií. Publikácia má 12 kapitol. 
610 2 0 |a majetok podnikový 
610 2 0 |a ohodnocovanie podniku 
610 2 0 |a recenzie 
100 1 |a Hrvoľová, Božena